Flirt /

সংরক্ষণ করুন:
গ্রন্থ-পঞ্জীর বিবরন
অন্যান্য লেখক: Hartley, Hal (পরিচালক), Donovan, Martin (অভিনেতা), Lechner, Geno (অভিনেতা), Sage, Bill (attore) (অভিনেতা), Posey, Parker (attore) (অভিনেতা), Nikaido, Miho (অভিনেতা)
বিন্যাস: স্লাইড্
ভাষা:ইতালিয়
প্রকাশিত: Segrate : Mondadori video, 1997
ট্যাগগুলো: ট্যাগ যুক্ত করুন
কোনো ট্যাগ নেই, প্রথমজন হিসাবে ট্যাগ করুন!

MARC

LEADER 00000ngm a22000007i 4500
001 IT\ICCU\UBO\1263565
003 ItRI
005 20260124182843.0
008 010412s1997 it |||||||||||||||k|||||c
028 4 2 |a MVEC03343 
028 4 2 |a MVY02039 
040 |b ita 
041 7 |a ita  |2 ISO-639-2 
130 0 |a Flirt <film ; 1995>  |3 IT\ICCU\CAG\1086880 
245 0 0 |a Flirt /  |c regia: Hal Hartley. 
260 |a Segrate :  |b Mondadori video,  |c 1997 
300 |a 1 videocassetta (VHS) (ca. 80 min.) :  |b color., son 
500 |a Interpreti: Bill Sage, Parker Posey 
500 |a Ripr. del film del 1995 
500 |a Descrizione basata sul contenitore. 
700 1 |a Hartley, Hal  |0 IT\ICCU\RAVV\091465  |4 drt 
700 1 |a Donovan, Martin  |0 IT\ICCU\RAVV\091469  |4 act 
700 1 |a Lechner, Geno  |0 IT\ICCU\RAVV\643699  |4 act 
700 1 |a Sage, Bill  |c  (attore)  |0 IT\ICCU\UBOV\488182  |4 act 
700 1 |a Posey, Parker  |c  (attore)  |0 IT\ICCU\UBOV\488183  |4 act 
700 1 |a Nikaido, Miho  |0 IT\ICCU\UBOV\840126  |4 act 
942 |2 ddc  |c VM  |n 0 
952 |0 0  |1 0  |4 0  |6 VO_596_000000000000000  |7 0  |9 27018  |a BO  |b BO  |d 2026-01-24  |i 7176  |l 0  |o VO 596  |p BO7176  |r 2026-01-24 18:28:43  |w 2026-01-24  |x [Sebina 5] [1 videocassetta]  |y VM  |z 1 videocassetta 
999 |c 22860  |d 22860